|
|
|
|
| LEADER |
00000nam0a2200000 4500 |
| 001 |
203953 |
| 005 |
20231031185951.0 |
| 010 |
|
|
|a 5020245119
|
| 020 |
|
|
|a RU
|b 91-34717
|
| 035 |
|
|
|a (RuTPU)RU\TPU\book\222278
|
| 090 |
|
|
|a 203953
|
| 100 |
|
|
|a 20111116d1991 km y0rusy5003 ca
|
| 101 |
0 |
|
|a rus
|
| 102 |
|
|
|a RU
|
| 105 |
|
|
|a a z 001zy
|
| 200 |
1 |
|
|a Процессы формирования термического режима глубоких пресноводных водоемов
|f П. М. Бояринов, М. П. Петров
|g Академия наук СССР (АН СССР), Карельский научный центр (КарНЦ), Институт водных проблем Севера ; под ред. Н. Н. Филатова
|
| 210 |
|
|
|a Ленинград
|c Наука
|c Ленингр. отд-ние
|d 1991
|
| 215 |
|
|
|a 176 с.
|c ил.
|
| 320 |
|
|
|a Библиогр.: с. 167-174 (198 назв.).
|
| 610 |
1 |
|
|a водоемы
|
| 610 |
1 |
|
|a гидрогеология
|
| 610 |
1 |
|
|a тепловой режим
|
| 610 |
1 |
|
|a пресные воды
|
| 610 |
1 |
|
|a термические циклы
|
| 610 |
1 |
|
|a озера
|
| 610 |
1 |
|
|a атмосфера
|
| 610 |
1 |
|
|a теплообмен
|
| 610 |
1 |
|
|a исследования
|
| 675 |
|
|
|a 556.555.4
|z rus
|
| 686 |
|
|
|a 37.27
|2 rugasnti
|
| 700 |
|
1 |
|a Бояринов
|b П. М.
|g Петр Матвеевич
|4 070
|
| 701 |
|
1 |
|a Петров
|b М. П.
|g Михаил Петрович
|4 070
|
| 702 |
|
1 |
|a Филатов
|b Н. Н.
|4 340
|
| 702 |
|
1 |
|a Филатов
|b Н. Н.
|4 340
|
| 712 |
0 |
2 |
|a Академия наук СССР (АН СССР)
|b Карельский научный центр (КарНЦ)
|b Институт водных проблем Севера
|2 stltpush
|3 (RuTPU)RU\TPU\col\13764
|
| 801 |
|
0 |
|a RU
|b RuMRKP
|c 19950417
|g psbo
|
| 801 |
|
1 |
|a RU
|b 63413507
|c 20111116
|
| 801 |
|
2 |
|a RU
|b 63413507
|c 20111121
|g RCR
|
| 942 |
|
|
|c BK
|